000 01368cam a2200229 4500
001 ##L132144
008 060113n2005 000 0 eng u
020 _a1860818900
035 _a(Sirsi) u132144
041 0 _aeng
050 0 4 _a698.5 $2 18
100 1 _aKelly, D. J.
245 0 0 _aFactory glazed windows
_btransport, storage and installation
260 _aWatford
_bBRE
_c2005
300 _a8p.
_bill
_c30cm.
490 0 _aBRE Digest
_v497(2)
520 _aFailures in insulating glass units have historically been the result of problems with the quality control of glazing on building sites. Factories, however, offer a potentially higher quality of work because poor weather and site conditions can produce damaged or defected units. This report is the second of a two-part guidance that sets out the general principles, supported by drawings, of factory glazing. Part 1 introduced the subject and describes the types of insulating glazing units and production facilities. Part 2 is concerned with packaging, transport and storage of glazing units; their installation, protection in service and maintenance; and testing and performance monitoring.
690 _aBUILT ENVIRONMENT-BUILDING ELEMENTS-PARTS OF BUILDING ELEMENTS-OPENINGS-WINDOWS
700 1 _aGarvin, S. L.
710 2 _aUnited Kingdom
_bDepartment of Trade and Industry
942 _n0
999 _c105037
_d105037